| 000 -LEADER |
| fixed length control field |
00787nam a22001577a 4500 |
| 003 - CONTROL NUMBER IDENTIFIER |
| control field |
OSt |
| 005 - DATE AND TIME OF LATEST TRANSACTION |
| control field |
20151217144845.0 |
| 008 - FIXED-LENGTH DATA ELEMENTS--GENERAL INFORMATION |
| fixed length control field |
151217b xxu||||| |||| 00| 0 eng d |
| 040 ## - CATALOGING SOURCE |
| Transcribing agency |
RUA |
| 082 ## - DEWEY DECIMAL CLASSIFICATION NUMBER |
| Classification number |
AED LIM 2005 B221 Or.1 |
| 100 ## - MAIN ENTRY--PERSONAL NAME |
| 9 (RLIN) |
5032 |
| Personal name |
LIM KANNIKA; លឹម កន្នីកា |
| 245 ## - TITLE STATEMENT |
| Title |
Activities of community development of caritas cambodia in angkor thom and angkor chum district, siem reap province, សកម្មភាពអភិវឌ្ឍន៍សហគមន៍របស់អង្គការការីតាសកម្ពុជា នៅស្រុកអង្គរធំ និងស្រុកអង្គរជុំ ខេត្តសៀមរាប. |
| 260 ## - PUBLICATION, DISTRIBUTION, ETC. (IMPRINT) |
| Place of publication, distribution, etc. |
Phnom Penh |
| Name of publisher, distributor, etc. |
RUA |
| Date of publication, distribution, etc. |
2005 |
| 300 ## - PHYSICAL DESCRIPTION |
| Extent |
ix; 65p. |
| Other physical details |
ill. |
| Dimensions |
29cm. |
| 942 ## - ADDED ENTRY ELEMENTS (KOHA) |
| Source of classification or shelving scheme |
|
| Koha item type |
AED |